Las migraciones en la Argentina entre mediados del siglo XIX y 1960 (Registro nro. 16158)

Detalles MARC
000 -LEADER
fixed length control field 00360 a2200109 4500
001 - CONTROL NUMBER
control field ART_3039
005 - DATE AND TIME OF LATEST TRANSACTION
control field 20260410161712.0
008 - FIXED-LENGTH DATA ELEMENTS--GENERAL INFORMATION
fixed length control field 260409a
100 1# - MAIN ENTRY--PERSONAL NAME
Personal name Lattes, Alfredo E.
245 10 - TITLE STATEMENT
Title Las migraciones en la Argentina entre mediados del siglo XIX y 1960
773 0# - HOST ITEM ENTRY
Title Desarrollo económico
Related parts - Vol. 12, Nº 48 (ene./mar. 1973)
Record control number REV1174

No hay ítems disponibles.